| 000 | 00530nam a22001697a 4500 | ||
|---|---|---|---|
| 003 | OSt | ||
| 005 | 20201106102833.0 | ||
| 008 | 201106b ||||| |||| 00| 0 eng d | ||
| 040 |
_aDO-SdBNP _bspa _cBNPHU |
||
| 100 | 1 |
_aFlores Ortíz, Osvaldo _977195 |
|
| 245 | 1 | 0 |
_aCompendio de tablas y fórmulas de matemáticas financieras / _cOsvaldo Flores Ortiz. |
| 260 |
_a[República Dominicana?] : _bs. n., _c19- |
||
| 300 |
_a88 p. ; _c21 cm. |
||
| 504 | _aBibliografía: p. 88 | ||
| 590 | _aInventariado, 2020 /LP | ||
| 942 |
_2ddc _cLBS1 |
||
| 999 |
_c49104 _d49104 |
||